Neo-socialismo dominicano : (Record no. 31720)
[ view plain ]
| 000 -CABECERA | |
|---|---|
| campo de control de longitud fija | 00562nam a2200181 a 4500 |
| 001 - NÚMERO DE CONTROL | |
| campo de control | 000032229 |
| 003 - IDENTIFICADOR DEL NÚMERO DE CONTROL | |
| campo de control | DO-SdBNP |
| 005 - FECHA Y HORA DE LA ÚLTIMA TRANSACCIÓN | |
| campo de control | 20220809102919.0 |
| 008 - DATOS DE LONGITUD FIJA--INFORMACIÓN GENERAL | |
| campo de control de longitud fija | 110713s1936 dr c 000 0 spa d |
| 040 ## - FUENTE DE LA CATALOGACIÓN | |
| Centro catalogador/agencia de origen | DO-SdBNP |
| Lengua de catalogación | spa |
| Centro/agencia transcriptor | BNPHU |
| 049 ## - FONDOS LOCALES (OCLC) | |
| Fondos de biblioteca | BNPD |
| 082 ## - NÚMERO DE LA CLASIFICACIÓN DECIMAL DEWEY | |
| Número de clasificación | xxx |
| Número de documento/Ítem | M917n |
| 100 1# - ENTRADA PRINCIPAL--NOMBRE DE PERSONA | |
| Nombre de persona | Mota, Fabio A. |
| 9 (RLIN) | 23572 |
| 245 10 - MENCIÓN DE TÍTULO | |
| Título | Neo-socialismo dominicano : |
| Resto del título | Aspectos d ela obra espiritual del presidente Trujillo / |
| Mención de responsabilidad, etc. | Fabio A. Mota. |
| 260 ## - PUBLICACIÓN, DISTRIBUCIÓN, ETC. | |
| Lugar de publicación, distribución, etc. | Ciudad Trujillo, Republica Dominicana : |
| Nombre del editor, distribuidor, etc. | Caribes, |
| Fecha de publicación, distribución, etc. | 1936. |
| 300 ## - DESCRIPCIÓN FÍSICA | |
| Extensión | 109 p. : |
| Otras características físicas | retr. ; |
| Dimensiones | 19 cm. |
| 942 ## - ELEMENTOS DE PUNTO DE ACCESO ADICIONAL (KOHA) | |
| Fuente del sistema de clasificación o colocación | Dewey Decimal Classification |
| Tipo de ítem Koha | Libro |
| Estado de retiro | Estado de pérdida | Restricciones de uso | No para préstamo | Código de colección | Localización permanente | Ubicación/localización actual | Ubicación en estantería | Fecha de adquisición | Número de inventario | Total de préstamos | Signatura topográfica completa | Código de barras | Fecha visto por última vez | Número de copia | Precio válido a partir de | Tipo de ítem Koha | Nota pública |
|---|---|---|---|---|---|---|---|---|---|---|---|---|---|---|---|---|---|
| Préstamo interno | Raros y valiosos | General | General | Depósito | 11.07.2013 | LF1 | xxx M917n | 32229-30 | 25.06.2020 | e. 3 | 25.06.2020 | Préstamo interno | |||||
| Excluido de préstamo | Raros y valiosos | Patrimonio Dominicano | Patrimonio Dominicano | Depósito | 13.07.2011 | LF1 | xxx M917n | 32229-10 | 25.06.2020 | 25.06.2020 | No se presta | Perteneció a la colección Martínez Boog | |||||
| Excluido de préstamo | Raros y valiosos | Patrimonio Dominicano | Patrimonio Dominicano | Depósito | 15.07.2011 | LF1 | xxx M917n | 32229-20 | 25.06.2020 | e. 2 | 25.06.2020 | No se presta |
